00461nam a2200181 a 450000100060000000300080000600500170001400800410003103500190007204000220009104100080011308200220012110000260014324500410016926000290021030000200023965000200025920020BD-RjUL20240118154309.0240118s1931 enk 000 0 eng d a(BD-RjUL)20020 aBGUbengcBD-RjUL aeng 223a823bHOP 19311 aHolstius, Edward Nils10aPitiless youth /cby Edward Holstius aLondon :bG. Bles,c1931 a352 p.;c19 cm. aEnglish Fiction